00424pam a2200121 a 4500020000500000041000500005245006500010260004100075300001000116930000900126999001900135952014800154 c h aCube Collections Signs Symbols Pictogram hTextual Documents a[s.l]:bPage One Publishing ,c2010. bHard; a5994 c239784d239784 001040708Text BooksaFAPbFAPd2011-10-08eBhararti Sahakari Grahak Bhandarg1350.63l0o pFAP-6350r2025-06-25 00:00:00t1w2023-03-07yBK